[Event "5. Open Memorial Pedro Lezcano 2012"]
[Site "Gran Canaria ESP"]
[Date "2012.04.08"]
[Round "9.29"]
[White "Ramirez Medina, Victor"]
[Black "Rodriguez Manzaneda, Irene"]
[Result "1/2-1/2"]
[WhiteElo "1863"]
[BlackElo "1686"]
[PlyCount "77"]
[EventDate "2012.04.02"]
[EventType "swiss"]
[EventRounds "9"]
[EventCountry "ESP"]
[Source "lmi"]
[SourceDate "2012.04.02"]

1. e4 c5 2. Nf3 Nc6 3. d4 cxd4 4. Nxd4 Nf6 5. Nc3 e5 6. Ndb5 d6 7. Bg5 a6 8.
Na3 b5 9. Bxf6 gxf6 10. Nd5 Bg7 11. Bd3 Ne7 12. Nxe7 Qxe7 13. O-O f5 14. c3 f4
15. Qh5 O-O 16. Rfd1 f5 17. exf5 e4 18. f6 Bxf6 19. Qd5+ Be6 20. Qxe4 Be5 21.
Nc2 Kh8 22. Nd4 Bg4 23. f3 Bd7 24. Rd2 Qh4 25. Bc2 Rae8 26. Rf1 Rf6 27. Bb3 Rh6
28. g3 Qg5 29. g4 Rh4 30. Rg2 Rh3 31. Qb7 Bc8 32. Qd5 Qg7 33. Nf5 Qa7+ 34. Kh1
Bb7 35. Qf7 Qa8 36. Bd1 Rf8 37. Qe7 Re8 38. Qf7 Rf8 39. Qe7 1/2-1/2

[Event "5. Open Memorial Pedro Lezcano 2012"]
[Site "Gran Canaria ESP"]
[Date "2012.04.08"]
[Round "9.30"]
[White "Guerrero Ruiz, Jose Luis"]
[Black "Martinez Rubio, Felipe"]
[Result "0-1"]
[WhiteElo "1744"]
[BlackElo "1853"]
[PlyCount "90"]
[EventDate "2012.04.02"]
[EventType "swiss"]
[EventRounds "9"]
[EventCountry "ESP"]
[Source "lmi"]
[SourceDate "2012.04.02"]

1. d4 d5 2. c4 e6 3. Nc3 Nf6 4. cxd5 exd5 5. Bg5 Nbd7 6. e3 c6 7. Bd3 Be7 8.
Nge2 h6 9. Bh4 O-O 10. O-O Re8 11. Kh1 g5 12. Bg3 Nh5 13. Rb1 Nf8 14. b4 a6 15.
Ng1 Nxg3+ 16. hxg3 Kg7 17. Qh5 Nd7 18. Qd1 Bd6 19. Na4 Nf6 20. Nc5 Qe7 21. Nh3
Rh8 22. e4 dxe4 23. Re1 Bxc5 24. dxc5 Bxh3 25. gxh3 Qd7 26. Bf1 Qxd1 27. Rexd1
Rad8 28. Kg2 Nd5 29. Bc4 f5 30. h4 Nxb4 31. h5 Kf6 32. Rh1 Nc2 33. Rhc1 Rd2 34.
Rxb7 e3 35. Rb6 Rxf2+ 36. Kg1 Nd4 37. Bd5 Ne2+ 38. Kh1 Nxg3+ 39. Kg1 Ne2+ 40.
Kh1 Nxc1 41. Bxc6 Ke5 42. Bd7 Rd8 43. Re6+ Kf4 44. c6 e2 45. a4 Rf1+ 0-1

[Event "5. Open Memorial Pedro Lezcano 2012"]
[Site "Gran Canaria ESP"]
[Date "2012.04.08"]
[Round "9.31"]
[White "Kleine, Peter"]
[Black "Guedes Lopez, Mario"]
[Result "1/2-1/2"]
[WhiteElo "1833"]
[BlackElo "1476"]
[PlyCount "135"]
[EventDate "2012.04.02"]
[EventType "swiss"]
[EventRounds "9"]
[EventCountry "ESP"]
[Source "lmi"]
[SourceDate "2012.04.02"]

1. Nh3 e5 2. g3 Nf6 3. Bg2 d5 4. d3 Bg4 5. f3 Be6 6. O-O Bc5+ 7. e3 O-O 8. d4
exd4 9. exd4 Bd6 10. b3 Nc6 11. Bb2 h6 12. Nf2 Qd7 13. Nd2 Ne7 14. f4 Bf5 15.
Nf3 Ng4 16. Nxg4 Bxg4 17. Qd2 f6 18. Rae1 Rae8 19. Nh4 c6 20. c3 g5 21. fxg5
fxg5 22. Nf3 Ng6 23. Rxe8 Rxe8 24. Re1 Rxe1+ 25. Qxe1 Qe6 26. Bc1 Qxe1+ 27.
Nxe1 Bf5 28. Be3 Bb1 29. a4 Ne7 30. Bf1 Nf5 31. Bf2 a5 32. Bd3 Bxd3 33. Nxd3 b6
34. Ne5 Ne7 35. Nd7 Bc7 36. Kg2 Kf7 37. g4 Ng6 38. Bg3 Bxg3 39. Kxg3 Nf4 40.
Kf3 b5 41. Ne5+ Ke8 42. Nxc6 bxa4 43. bxa4 Ne6 44. Nxa5 Kd7 45. Nb3 Kc6 46. Nc1
Nf4 47. Ke3 Ng2+ 48. Kd2 Nh4 49. Ke2 Ng6 50. Nd3 Kb6 51. Kf2 Ka5 52. Ne5 Ne7
53. Nf7 Kxa4 54. Nxh6 Kb3 55. Nf7 Kxc3 56. Ke3 Nc6 57. Nxg5 Nxd4 58. h4 Nc2+
59. Ke2 Nd4+ 60. Kd1 Nc6 61. Ne6 Ne7 62. h5 Kd3 63. g5 Ke4 64. g6 Kf5 65. g7
Ng8 66. Nc7 Kg5 67. Nxd5 Kxh5 68. Nf4+ 1/2-1/2

[Event "5. Open Memorial Pedro Lezcano 2012"]
[Site "Gran Canaria ESP"]
[Date "2012.04.08"]
[Round "9.32"]
[White "Quiza Vazquez, Carolina"]
[Black "Diaz Suarez, Cayetano"]
[Result "1/2-1/2"]
[WhiteElo "1612"]
[BlackElo "1827"]
[PlyCount "79"]
[EventDate "2012.04.02"]
[EventType "swiss"]
[EventRounds "9"]
[EventCountry "ESP"]
[Source "lmi"]
[SourceDate "2012.04.02"]

1. d4 Nf6 2. Nf3 e6 3. c3 b6 4. Bg5 Be7 5. Nbd2 Bb7 6. e3 h6 7. Bh4 d6 8. h3
Nbd7 9. Bd3 e5 10. Bxf6 Bxf6 11. Qc2 c5 12. dxe5 dxe5 13. Be4 Qc7 14. Bxb7 Qxb7
15. Nc4 O-O 16. O-O Rad8 17. Rfd1 b5 18. Nd6 Qc6 19. a4 a6 20. axb5 axb5 21.
Rd2 Nb6 22. Rad1 c4 23. Qf5 Qc5 24. Ne4 Rxd2 25. Nxc5 Rxd1+ 26. Kh2 Rd5 27. Ne4
Bd8 28. h4 Nd7 29. h5 Nc5 30. Nxc5 Rxc5 31. g4 Rd5 32. g5 hxg5 33. Nxg5 Bxg5
34. Qxg5 Kh8 35. Qe7 Rfd8 36. Qxf7 R8d6 37. Kg3 Kh7 38. Qf5+ Kg8 39. Qc8+ Kf7
40. Qb7+ 1/2-1/2

[Event "5. Open Memorial Pedro Lezcano 2012"]
[Site "Gran Canaria ESP"]
[Date "2012.04.08"]
[Round "9.33"]
[White "Perez Castellano, Susana"]
[Black "Guerrero Orihuela, Jose Luis"]
[Result "1-0"]
[WhiteElo "1817"]
[BlackElo "1463"]
[PlyCount "95"]
[EventDate "2012.04.02"]
[EventType "swiss"]
[EventRounds "9"]
[EventCountry "ESP"]
[Source "lmi"]
[SourceDate "2012.04.02"]

1. e4 c5 2. Nf3 Nc6 3. d4 cxd4 4. Nxd4 g6 5. Nc3 Bg7 6. Be3 Nf6 7. Be2 d5 8.
exd5 Nxd5 9. Nxc6 bxc6 10. Nxd5 Qxd5 11. Bf3 Qb5 12. a4 Qa5+ 13. c3 O-O 14. O-O
Rb8 15. b4 Qc7 16. Qc1 Rd8 17. Rd1 Bf5 18. Ra2 Rxd1+ 19. Bxd1 Rd8 20. Rd2 a6
21. Be2 Rxd2 22. Qxd2 Qc8 23. Bc5 Bf8 24. h3 Qb7 25. Qd8 Qc8 26. Bxe7 Qxd8 27.
Bxd8 Bc8 28. Bf3 Bd7 29. Be2 Bc8 30. Ba5 Bg7 31. b5 cxb5 32. axb5 axb5 33. Bxb5
f5 34. Kf1 Kf7 35. Ke2 Ke7 36. Kd3 h6 37. c4 g5 38. Ke3 Be5 39. Bb4+ Ke6 40.
Bc6 Ba6 41. Bd5+ Kf6 42. Bc5 h5 43. Bd4 g4 44. h4 f4+ 45. Ke4 Bxd4 46. Kxd4 g3
47. f3 Kf5 48. Bf7 1-0

[Event "5. Open Memorial Pedro Lezcano 2012"]
[Site "Gran Canaria ESP"]
[Date "2012.04.08"]
[Round "9.34"]
[White "Santana Gil, Odama"]
[Black "Rodriguez Lorenzo, Yadira"]
[Result "1-0"]
[WhiteElo "1663"]
[BlackElo "2042"]
[PlyCount "79"]
[EventDate "2012.04.02"]
[EventType "swiss"]
[EventRounds "9"]
[EventCountry "ESP"]
[Source "lmi"]
[SourceDate "2012.04.02"]

1. e4 e6 2. d4 d5 3. Nc3 Nf6 4. e5 Ne4 5. Bd3 c5 6. Nxe4 dxe4 7. Bxe4 cxd4 8.
Nf3 Bc5 9. O-O Nc6 10. Bf4 h6 11. Qd2 Qe7 12. a3 O-O 13. b4 Bb6 14. Rad1 f5 15.
exf6 Qxf6 16. Bg3 a6 17. a4 Bd7 18. b5 axb5 19. axb5 Na5 20. Qd3 Rac8 21. Be5
Qe7 22. Nxd4 Nc4 23. Bg3 Nb2 24. Qb3 Nxd1 25. Rxd1 Qf6 26. Nf3 Rc3 27. Qa2 Qe7
28. Bd6 Qe8 29. Bxf8 Kxf8 30. Qb2 Rc5 31. Qd4 Rd5 32. Qa1 Rxd1+ 33. Qxd1 Bxb5
34. Qd6+ Qe7 35. Qxb6 Be8 36. h3 Qa3 37. Kh2 h5 38. Qxe6 Bf7 39. Qf5 g6 40. Qf6
1-0

[Event "5. Open Memorial Pedro Lezcano 2012"]
[Site "Gran Canaria ESP"]
[Date "2012.04.08"]
[Round "9.35"]
[White "Saad Addin Quintana, Samir N"]
[Black "Suarez Ramirez, Jonay"]
[Result "1-0"]
[WhiteElo "1879"]
[BlackElo "1492"]
[PlyCount "123"]
[EventDate "2012.04.02"]
[EventType "swiss"]
[EventRounds "9"]
[EventCountry "ESP"]
[Source "lmi"]
[SourceDate "2012.04.02"]

1. e4 c5 2. Nf3 Nc6 3. d4 cxd4 4. Nxd4 g6 5. Nc3 Bg7 6. Be3 Nf6 7. Bc4 O-O 8.
f3 d6 9. Qd2 Bd7 10. O-O-O Rc8 11. Bb3 Ne5 12. h4 h5 13. Bg5 a6 14. Nd5 Nc4 15.
Bxc4 Rxc4 16. Nxf6+ exf6 17. Be3 a5 18. Nb3 a4 19. Na5 Rxc2+ 20. Kxc2 a3 21. b3
f5 22. Nc4 Qc8 23. Qxd6 Be6 24. Bc5 Re8 25. Nb6 Qb8 26. Qxb8 Rxb8 27. Bd6 Re8
28. e5 f4 29. Rhe1 Bf5+ 30. Kc3 f6 31. Nd5 fxe5 32. Ne7+ Kh7 33. Nxf5 gxf5 34.
Kb4 e4 35. Bxf4 Rc8 36. Rd7 Kg8 37. Kxa3 Bc3 38. Rxe4 fxe4 39. b4 exf3 40. gxf3
b5 41. Bd6 Bf6 42. Bc5 Bxh4 43. Rd5 Bf6 44. Kb3 h4 45. Bd4 Bxd4 46. Rxd4 Rc4
47. Rd8+ Kg7 48. a4 Rf4 49. axb5 Rxf3+ 50. Kc4 h3 51. Rd4 Rf1 52. Rh4 Rc1+ 53.
Kd5 Rh1 54. b6 h2 55. b7 Rd1+ 56. Kc6 h1=B+ 57. Rxh1 Rxh1 58. b8=Q Rh6+ 59. Kd7
Rh7 60. Kc6 Rh6+ 61. Qd6 Rxd6+ 62. Kxd6 1-0

[Event "5. Open Memorial Pedro Lezcano 2012"]
[Site "Gran Canaria ESP"]
[Date "2012.04.08"]
[Round "9.36"]
[White "Bordon Sanchez, Jose Domingo"]
[Black "Marrero Lopez, Agustin"]
[Result "0-1"]
[WhiteElo "1448"]
[BlackElo "1867"]
[PlyCount "52"]
[EventDate "2012.04.02"]
[EventType "swiss"]
[EventRounds "9"]
[EventCountry "ESP"]
[Source "lmi"]
[SourceDate "2012.04.02"]

1. e4 e5 2. Nf3 Nc6 3. Bb5 a6 4. Bxc6 dxc6 5. Nc3 Bd6 6. d3 h6 7. h3 f5 8. Bd2
Nf6 9. Qe2 Qe7 10. Nh4 Qf7 11. exf5 Bd7 12. d4 e4 13. Nxe4 O-O-O 14. O-O Nxe4
15. Qxe4 Rde8 16. Qf3 Qc4 17. Qc3 Qd5 18. a3 Bxf5 19. Nxf5 Qxf5 20. d5 Qxd5 21.
Rfd1 Qf5 22. Rac1 Rhf8 23. Be3 Bf4 24. Bxf4 Qxf4 25. Qc5 Re2 26. f3 Qg3 0-1

[Event "5. Open Memorial Pedro Lezcano 2012"]
[Site "Gran Canaria ESP"]
[Date "2012.04.08"]
[Round "9.37"]
[White "Sanchez Montesdeoca, Isaac"]
[Black "Antonini, Roberto"]
[Result "1-0"]
[WhiteElo "1775"]
[BlackElo "1584"]
[PlyCount "77"]
[EventDate "2012.04.02"]
[EventType "swiss"]
[EventRounds "9"]
[EventCountry "ESP"]
[Source "lmi"]
[SourceDate "2012.04.02"]

1. e4 e5 2. d4 exd4 3. Qxd4 Nc6 4. Qe3 Bb4+ 5. Nc3 Qf6 6. Bd2 Nge7 7. O-O-O O-O
8. f4 d6 9. Nf3 Bg4 10. h3 Bxf3 11. gxf3 Rfe8 12. Kb1 Nf5 13. Qf2 Bc5 14. Qh2
Nfd4 15. Nd5 Qd8 16. Bc3 Kh8 17. Rg1 f6 18. Qg3 Rg8 19. Bc4 b5 20. Bd3 b4 21.
Bd2 a5 22. e5 f5 23. h4 Qd7 24. Ne3 Raf8 25. Bc4 dxe5 26. Qh3 exf4 27. Ng2 Ne5
28. Bxg8 Rxg8 29. Bxf4 Nexf3 30. Rgf1 Qa4 31. b3 Qc6 32. Rd3 Bd6 33. Rfxf3
Qxc2+ 34. Ka1 Qc1+ 35. Bxc1 Nc2+ 36. Kb1 Na3+ 37. Bxa3 bxa3 38. Rxf5 Re8 39.
Qf3 1-0

[Event "5. Open Memorial Pedro Lezcano 2012"]
[Site "Gran Canaria ESP"]
[Date "2012.04.08"]
[Round "9.38"]
[White "Ramirez Maillo, Juan Adonay"]
[Black "Perez Castellano, Yaiza"]
[Result "0-1"]
[WhiteElo "1575"]
[BlackElo "1642"]
[PlyCount "78"]
[EventDate "2012.04.02"]
[EventType "swiss"]
[EventRounds "9"]
[EventCountry "ESP"]
[Source "lmi"]
[SourceDate "2012.04.02"]

1. e4 e5 2. f4 exf4 3. Nf3 Nc6 4. d4 Nf6 5. Nc3 Bb4 6. Bd3 O-O 7. Bxf4 d5 8.
exd5 Nxd5 9. Bd2 Bg4 10. O-O Nxd4 11. Nxd5 Bxd2 12. Qxd2 Bxf3 13. gxf3 Qxd5 14.
Bxh7+ Kxh7 15. Qd3+ Kg8 16. Rad1 Qg5+ 17. Kh1 Ne6 18. Rg1 Qf6 19. Rg3 Rad8 20.
Qe2 Nf4 21. Qf1 Rxd1 22. Qxd1 Rd8 23. Qe1 Qxb2 24. Qe7 Rd1+ 25. Rg1 Rxg1+ 26.
Kxg1 Qc1+ 27. Kf2 Qxc2+ 28. Kg3 Ng6 29. Qe8+ Nf8 30. Qb8 Qg6+ 31. Kf2 Qb6+ 32.
Kg2 g6 33. Qe8 Qb2+ 34. Kg3 Kg7 35. Qb8 Qb6 36. Qe8 Qg1+ 37. Kh3 Qg5 38. Qe2
Ne6 39. Qb2+ Kh7 0-1

[Event "5. Open Memorial Pedro Lezcano 2012"]
[Site "Gran Canaria ESP"]
[Date "2012.04.08"]
[Round "9.39"]
[White "Sanchez Ramirez, Gustavo"]
[Black "Manchon Santana, Alberto"]
[Result "0-1"]
[WhiteElo "1641"]
[BlackElo "1475"]
[PlyCount "68"]
[EventDate "2012.04.02"]
[EventType "swiss"]
[EventRounds "9"]
[EventCountry "ESP"]
[Source "lmi"]
[SourceDate "2012.04.02"]

1. f4 c5 2. Nf3 Nc6 3. e4 e6 4. d3 d6 5. Be2 g6 6. O-O Bg7 7. c3 Nge7 8. Be3
O-O 9. Nbd2 Qc7 10. Qc2 a6 11. Rac1 Rd8 12. d4 b6 13. b4 Nb8 14. a4 Bb7 15. Qb3
Nd7 16. h3 Rac8 17. b5 a5 18. Qb2 f5 19. e5 Nd5 20. exd6 Qxd6 21. Nc4 Qc7 22.
Ng5 Re8 23. g3 Nxe3 24. Nxe3 h6 25. Nxe6 Rxe6 26. Bc4 Qd6 27. Qa2 Rce8 28. dxc5
Nxc5 29. Rcd1 Qe7 30. Rfe1 Kf8 31. Bxe6 Qxe6 32. Nc4 Qxe1+ 33. Rxe1 Rxe1+ 34.
Kf2 Nd3# 0-1

[Event "5. Open Memorial Pedro Lezcano 2012"]
[Site "Gran Canaria ESP"]
[Date "2012.04.08"]
[Round "9.40"]
[White "Monteiro Rodrigues, Carlos"]
[Black "Garcia Cruz, Jose Manuel"]
[Result "1/2-1/2"]
[WhiteElo "1619"]
[BlackElo "1408"]
[PlyCount "34"]
[EventDate "2012.04.02"]
[EventType "swiss"]
[EventRounds "9"]
[EventCountry "ESP"]
[Source "lmi"]
[SourceDate "2012.04.02"]

1. e4 c5 2. Nf3 Nc6 3. Bb5 a6 4. Bxc6 dxc6 5. O-O Bg4 6. h3 Bh5 7. Re1 e6 8.
Nc3 Nf6 9. d3 Be7 10. Bg5 O-O 11. Re3 Nd7 12. Bxe7 Qxe7 13. g4 Bg6 14. Ne2 e5
15. Ng3 f6 16. Nh4 Bf7 17. Nhf5 Qd8 1/2-1/2

[Event "5. Open Memorial Pedro Lezcano 2012"]
[Site "Gran Canaria ESP"]
[Date "2012.04.08"]
[Round "9.41"]
[White "Falcon Diaz, Francisco Samuel"]
[Black "Suarez Fleitas, Alberto"]
[Result "1-0"]
[WhiteElo "1600"]
[BlackElo "1441"]
[PlyCount "109"]
[EventDate "2012.04.02"]
[EventType "swiss"]
[EventRounds "9"]
[EventCountry "ESP"]
[Source "lmi"]
[SourceDate "2012.04.02"]

1. e4 e6 2. d4 d5 3. exd5 exd5 4. Nf3 Nf6 5. Be2 Be7 6. O-O O-O 7. Bg5 c6 8. c3
Bf5 9. Bd3 Bxd3 10. Qxd3 Nbd7 11. Nbd2 Re8 12. Rfe1 h6 13. Bh4 Nh7 14. Bxe7
Rxe7 15. Rxe7 Qxe7 16. Re1 Qd6 17. Nf1 Nhf6 18. Ng3 Re8 19. Rxe8+ Nxe8 20. Qe3
Nc7 21. Nf5 Qe6 22. Ng3 Nf6 23. Kf1 Kf8 24. Qe5 Qxe5 25. Nxe5 g6 26. Ke2 Ke7
27. h3 Ne6 28. Nd3 Ng5 29. Ke3 Nge4 30. Nxe4 Nxe4 31. Nc5 Nxc5 32. dxc5 Ke6 33.
a4 g5 34. f4 Kf5 35. g4+ Ke6 36. b4 f6 37. b5 a5 38. bxa6 bxa6 39. f5+ Ke5 40.
a5 h5 41. gxh5 Kxf5 42. Kf3 Ke6 43. Kg4 Kf7 44. Kf5 Kg7 45. Ke6 Kh6 46. Kxf6
Kxh5 47. Kf5 Kh4 48. Kg6 g4 49. hxg4 Kxg4 50. Kf6 Kf4 51. Ke6 Ke4 52. Kd6 d4
53. cxd4 Kxd4 54. Kxc6 Ke5 55. Kd7 1-0

[Event "5. Open Memorial Pedro Lezcano 2012"]
[Site "Gran Canaria ESP"]
[Date "2012.04.08"]
[Round "9.43"]
[White "Diaz Martin, Cristina"]
[Black "Morales Sanchez, Domingo"]
[Result "1-0"]
[WhiteElo "1407"]
[BlackElo "1555"]
[PlyCount "65"]
[EventDate "2012.04.02"]
[EventType "swiss"]
[EventRounds "9"]
[EventCountry "ESP"]
[Source "lmi"]
[SourceDate "2012.04.02"]

1. e4 c5 2. Nf3 d6 3. d4 cxd4 4. Nxd4 Nc6 5. Be3 g6 6. Nc3 a6 7. Qd2 Bg7 8. f3
Nf6 9. O-O-O O-O 10. Kb1 Qc7 11. g4 Be6 12. h4 Nd7 13. h5 Nde5 14. hxg6 Nxg6
15. Bh6 Nxd4 16. Bxg7 Rfc8 17. Qh6 f6 18. Qxh7+ Kf7 19. Bh6+ Ke8 20. Qxg6+ Kd7
21. Rxd4 Qb6 22. Rd3 Bc4 23. Qf5+ Be6 24. Qf4 Rc6 25. e5 Rac8 26. exd6 Rxd6 27.
Rxd6+ exd6 28. Qxf6 Qa5 29. Qg7+ Kc6 30. a3 b5 31. f4 Rc7 32. Bg2+ Kb6 33. Qd4+
1-0

[Event "5. Open Memorial Pedro Lezcano 2012"]
[Site "Gran Canaria ESP"]
[Date "2012.04.08"]
[Round "9.45"]
[White "Porretti Garcia, Guido"]
[Black "Barrera Martin, Nayra"]
[Result "0-1"]
[WhiteElo "1314"]
[BlackElo "1494"]
[PlyCount "36"]
[EventDate "2012.04.02"]
[EventType "swiss"]
[EventRounds "9"]
[EventCountry "ESP"]
[Source "lmi"]
[SourceDate "2012.04.02"]

1. e4 Nf6 2. Nc3 d5 3. exd5 Nxd5 4. Nxd5 Qxd5 5. Qf3 Qd6 6. Qd3 Qe5+ 7. Qe3 Qa5
8. Nf3 Nc6 9. Bc4 Bf5 10. Qb3 O-O-O 11. Bxf7 Nb4 12. Be6+ Bxe6 13. Qxe6+ Kb8
14. Qb3 e5 15. Ng5 Bc5 16. Nf7 Bxf2+ 17. Kd1 e4 18. Nxh8 Qh5+ 0-1